000 00731nam a2200229Ii 4500
003 JO-AjNU
008 230605s9999||||xx |||||||||||||| ||und||
017 _a2006/8/2253
020 _a9957-16-283-7
040 _aJO-AjNU
_bara
_erda
_cJO-AjNU
041 _aara
050 1 4 _aKMM163.S487.2010
100 3 _aشوشاري، صلاح الدين محمد ,
_eauthor
_931358
245 0 0 _aالدليل العملي للمحامي
250 _aط3
264 3 1 _aعمان : دار الثقافة ، 2010
300 _a238ص
336 _atext
_btxt
_2rdacontent
337 _aunmediated
_bn
_2rdamedia
338 _avolume
_bnc
_2rdacarrier
650 4 _aالمحاماة -- أصول المحاكمات -- الدعاوى
_931359
999 _aA12535
_c16103
_d16103